<?xml version="1.0" encoding="UTF-8"?>
<record
    xmlns:xsi="http://www.w3.org/2001/XMLSchema-instance"
    xsi:schemaLocation="http://www.loc.gov/MARC21/slim http://www.loc.gov/standards/marcxml/schema/MARC21slim.xsd"
    xmlns="http://www.loc.gov/MARC21/slim">

  <leader>01135nam a22002657a 4500</leader>
  <controlfield tag="005">20220518162951.0</controlfield>
  <controlfield tag="008">220518b           ||||| |||| 00| 0 eng d</controlfield>
  <datafield tag="020" ind1=" " ind2=" ">
    <subfield code="a">9788189301996</subfield>
  </datafield>
  <datafield tag="040" ind1=" " ind2=" ">
    <subfield code="c">Aloy</subfield>
  </datafield>
  <datafield tag="041" ind1=" " ind2=" ">
    <subfield code="a">eng</subfield>
  </datafield>
  <datafield tag="082" ind1=" " ind2=" ">
    <subfield code="2">23</subfield>
    <subfield code="a">032.02</subfield>
    <subfield code="b">KUMT</subfield>
  </datafield>
  <datafield tag="100" ind1=" " ind2=" ">
    <subfield code="a">Sajith Kumar</subfield>
    <subfield code="9">37866</subfield>
  </datafield>
  <datafield tag="100" ind1=" " ind2=" ">
    <subfield code="d">M Gagan</subfield>
    <subfield code="9">37846</subfield>
  </datafield>
  <datafield tag="245" ind1=" " ind2=" ">
    <subfield code="a">Truemans specific series NTA UGC-NET/SET:</subfield>
    <subfield code="b">For JRF and elibility test for Assistant Professor: Teaching and Research Aptitude: Paper I</subfield>
  </datafield>
  <datafield tag="260" ind1=" " ind2=" ">
    <subfield code="a">New Delhi:</subfield>
    <subfield code="b">Danika Publishing Company,</subfield>
    <subfield code="c">2023.</subfield>
  </datafield>
  <datafield tag="300" ind1=" " ind2=" ">
    <subfield code="a">viii,656p.</subfield>
    <subfield code="b">PB</subfield>
    <subfield code="c">24x18cm.</subfield>
  </datafield>
  <datafield tag="365" ind1=" " ind2=" ">
    <subfield code="2">Competitive Exams</subfield>
    <subfield code="a">582</subfield>
    <subfield code="b">360.00</subfield>
    <subfield code="c">&#x20B9;</subfield>
    <subfield code="d">450.00</subfield>
    <subfield code="e">20%</subfield>
    <subfield code="f">10-05-2022</subfield>
  </datafield>
  <datafield tag="440" ind1=" " ind2=" ">
    <subfield code="a">Truemans specific series</subfield>
    <subfield code="9">37847</subfield>
  </datafield>
  <datafield tag="520" ind1=" " ind2=" ">
    <subfield code="a">New topics introduced by UGC for 2019 onward exams have been added in appropriate units.  Adequate subject matter has been provided to facilitate attempt of objective type questions.  Around 3000 questions of all varieties find place in this volume.</subfield>
  </datafield>
  <datafield tag="650" ind1=" " ind2=" ">
    <subfield code="a">UGC NET Exam</subfield>
    <subfield code="9">37848</subfield>
  </datafield>
  <datafield tag="650" ind1=" " ind2=" ">
    <subfield code="a">Teaching Research Aptitude</subfield>
    <subfield code="9">37849</subfield>
  </datafield>
  <datafield tag="700" ind1=" " ind2=" ">
    <subfield code="a">KUMAR (Sajit)</subfield>
    <subfield code="9">37850</subfield>
  </datafield>
  <datafield tag="700" ind1=" " ind2=" ">
    <subfield code="a">GAGAN (M)</subfield>
    <subfield code="9">37851</subfield>
  </datafield>
  <datafield tag="942" ind1=" " ind2=" ">
    <subfield code="2">ddc</subfield>
    <subfield code="c">BK</subfield>
  </datafield>
  <datafield tag="999" ind1=" " ind2=" ">
    <subfield code="c">222994</subfield>
    <subfield code="d">222994</subfield>
  </datafield>
  <datafield tag="952" ind1=" " ind2=" ">
    <subfield code="0">0</subfield>
    <subfield code="1">0</subfield>
    <subfield code="2">ddc</subfield>
    <subfield code="4">0</subfield>
    <subfield code="7">0</subfield>
    <subfield code="8">OTH</subfield>
    <subfield code="a">AL</subfield>
    <subfield code="b">AL</subfield>
    <subfield code="d">2022-05-18</subfield>
    <subfield code="e">Biblios Book Point, Surathkal, Mangalore-575014</subfield>
    <subfield code="g">360.00</subfield>
    <subfield code="l">3</subfield>
    <subfield code="o">032.02 KUMT</subfield>
    <subfield code="p">075800</subfield>
    <subfield code="r">2026-03-24 14:39:23</subfield>
    <subfield code="s">2025-10-13</subfield>
    <subfield code="v">450.00</subfield>
    <subfield code="w">2022-05-18</subfield>
    <subfield code="y">BK</subfield>
  </datafield>
</record>
